Konštrukcie pozemných stavieb IV. : Problémy aerodynamiky a hydrodynamiky v teórii konštrukčnej tvorby budov.Návody na cvičenia.
Salvato in:
| Autore principale: | |
|---|---|
| Natura: | Libro |
| Lingua: | slovacco |
| Pubblicazione: |
Bratislava :
SVŠT v Bratislave,
1985
|
| Tags: |
Nessun Tag, puoi essere il primo ad aggiungerne!!
|
MARC
| LEADER | 00000nam a22000003a 4500 | ||
|---|---|---|---|
| 001 | stu89607 | ||
| 005 | 20150617225922.4 | ||
| 008 | 040816s1985----cs------------------slo-d | ||
| 040 | |a STU |b slo | ||
| 041 | 0 | |a slo | |
| 044 | |a cs | ||
| 080 | |a 624.9(075.8) | ||
| 080 | |a 533.6 | ||
| 080 | |a 532.6 | ||
| 100 | 1 | |a Bielek, Milan, |d 1938- |4 aut |u V180 |U SvF Stavebná fakulta |T SvF Katedra konštrukcií pozemných stavieb |X 997 |U V180 |Y 18 |7 A000000997 | |
| 245 | 1 | |a Konštrukcie pozemných stavieb IV. : |b Problémy aerodynamiky a hydrodynamiky v teórii konštrukčnej tvorby budov.Návody na cvičenia. | |
| 260 | |a Bratislava : |b SVŠT v Bratislave, |c 1985 | ||
| 300 | |a 261 s |c 2 príl. | ||
| 996 | |b 284V021792 |c V*20455/S-85 |l VVT |s A |a 24 |w stu89607_0003 | ||
| 996 | |b 284V021791 |c V*20485/S-85 |l VVS |s A |a 24 |w stu89607_0004 | ||
| 996 | |b 284V021801 |c V*20481/S-85 |l VVS |s A |a 24 |w stu89607_0005 | ||